Statistics for US Pro Teams Not Associated With A City

Click here to take the quiz!

General Stats

  • This quiz has been taken 53 times
  • The average score is 15 of 23

Answer Stats

ContinentCountry% Correct
NFLCarolina Panthers
83%
NHLFlorida Panthers
83%
NFLMinnesota Vikings
81%
NFLNew England Patriots
81%
NBAUtah Jazz
81%
NFLArizona Cardinals
77%
NBAGolden State Warriors
74%
NHLMinnesota Wild
74%
MLBColorado Rockies
72%
NFLTennessee Titans
72%
NBAMinnesota Timberwolves
70%
MLBArizona Diamondbacks
68%
NHLColorado Avalanche
68%
MLBTexas Rangers
68%
MLBMinnesota Twins
66%
NHLNew Jersey Devils
64%
NHLCarolina Hurricanes
60%
MLBFlorida Marlins
55%
NBAIndiana Pacers
53%
NFLTampa Bay Buccaneers
45%
NHLTampa Bay Lightning
34%
NHLNew York Islanders
32%
MLBTampa Bay Rays
28%

Score Distribution

Percentile by Number Answered

Percent of People with Each Score

Your Score History

You have not taken this quiz